Poder público em juízo para concursos / (Record no. 1009)

MARC details
000 -LÍDER
Campo Fixo de Controle 00848nam a2200253 a 4500
001 - NÚMERO DE CONTROLE
Campo de Controle 1009
003 - IDENTIFICAÇÃO DO NÚMERO DE CONTROLE
Campo de Controle BR-CuiBMT
005 - DATA E HORA DA ÚLTIMA ATUALIZAÇÃO
Campo de Controle 20231129003231.0
008 - DADOS FIXOS
Dados Fixos 231125s2016 baba 000 0 por d
020 ## - INTERNATIONAL STANDARD BOOK NUMBER
Nº do ISBN 9788537503706
040 ## - AGÊNCIA CATALOGADORA
Código da Agência Catalogadora BR-CuiBMT
Agência que transcreveu o registro BR-CuiBMT
080 ## - Nº DA CLASSIFICAÇÃO DECIMAL UNIVERSAL
Nº edição CDU 2007
Nº Class. CDU 347.9
090 ## - NÚMERO DE CHAMADA
Nº classificação 347.9
Cutter B277p
Ano/Edição 6. ed.
100 1# - ENTRADA PRINCIPAL -- AUTOR PESSOAL
Nome pessoal Barros, Guilherme Freire de Melo
245 10 - TÍTULO PRINCIPAL
Título principal Poder público em juízo para concursos /
Indicação de responsabilidade Guilherme Freire de Melo Barros.
250 ## - EDIÇÃO
Edição 6. ed., atual. e ampl.
260 ## - PUBLICAÇÃO, DISTRIBUIÇÃO, ETC.
Local de publicação Salvador :
Editora JusPODIVM,
Data 2016.
300 ## - DESCRIÇÃO FÍSICA
N. páginas ou volumes 516 p. ;
Dimensões 24 cm
500 ## - NOTAS GERAIS
Notas gerais Atualizada de acordo com o julgamento do STF sobre o Regime Especial de Precatórios.
504 ## - NOTA DE BIBLIOGRAFIA, ETC.
Nota de bibliografia Inclui bibliografia.
650 ## - ASSUNTO TÓPICO
Cabeçalho tópico ou nome geográfico Direito processual
Subdivisão de forma Questões de concursos
650 ## - ASSUNTO TÓPICO
Cabeçalho tópico ou nome geográfico Poder público
Subdivisão geral Direito processual
Subdivisão geográfica Brasil
942 ## - ELEMENTOS DE ENTRADA ADICIONAIS (KOHA)
Fonte de classificação ou esquema de arquivamento Classificação Decimal Universal
Tipo de item do Koha Livros
Holdings
Estado: removido Estado: perdido Fonte de classificação ou esquema de arquivamento Estado: danificado Indisponível para empréstimo Localização permanente Localização atual Data de aquisição Total Checkouts Número de Chamada completo Código de barras Date last seen Número do exemplar Preço efetivo a partir de Tipo de item (Koha)
    Classificação Decimal Universal     Biblioteca da Escola Superior de Contas do TCE/MT Biblioteca da Escola Superior de Contas do TCE/MT 25/11/2023   347.9 B277p 6. ed. BIBTCEMT23111093 25/11/2023 Ex. 1 25/11/2023 Livros

Powered by Koha